000 00758nam a2200217Ia 4500
003 GCL
008 140319s9999 xx 000 0 ara d
040 _aGCL /
_cGCL
082 0 4 _aق
_b962.06
_bع ك
100 1 _aعبدالفتاح ابوالفضل
245 1 0 _aكنت نائبا لرئيس المخابرات /
_cعبدالفتاح ابوالفضل
250 _aالاولى
260 _aالقاهرة :
_bدار الشروق ،
_c1986
300 _a325 ص ؛
_c24 سم
490 _aكتاب الحرية
_v0
650 0 4 _aالاحوال السياسية
650 0 4 _aالمقاومة الشعبية
650 0 4 _aحرب يونيو 1967 - مصر
650 0 4 _aمصر - تاريخ - العصر الحديث (1805 - 1956 )
942 _2ddc
_cBK
999 _c37845
_d37845